000
00302nam a22001337a 4500
020
_a
0-7513-6909-8
082
_a
030
_b
DOR/F
100
_a
DORLING KINDERSLEY
245
_a
FOOD AND FARMING
260
_a
LONDON
_b
DK LIMITED
_c
1993
300
_a
49
650
_a
ENCYCLOPEDIA
_z
UNITED KINGDOM
942
_c
BK
999
_c
2315
_d
2315